STARTUP MONEY MADE EASY THE INC GUIDE TO (Record no. 32691)
[ view plain ]
| 000 -LEADER | |
|---|---|
| fixed length control field | 00344nam a2200133Ia 4500 |
| 008 - FIXED-LENGTH DATA ELEMENTS--GENERAL INFORMATION | |
| fixed length control field | 240624s9999 xx 000 0 und d |
| 041 ## - LANGUAGE CODE | |
| Language code of text/sound track or separate title | eng |
| 082 ## - DEWEY DECIMAL CLASSIFICATION NUMBER | |
| Classification number | 658.152 ASP |
| 100 ## - MAIN ENTRY--PERSONAL NAME | |
| Personal name | ASPAN MARIA |
| 245 ## - TITLE STATEMENT | |
| Title | STARTUP MONEY MADE EASY THE INC GUIDE TO |
| 260 ## - PUBLICATION, DISTRIBUTION, ETC. | |
| Date of publication, distribution, etc. | 2019 |
| Place of publication, distribution, etc. | New York |
| Name of publisher, distributor, etc. | Harper Collins Leadership |
| 300 ## - PHYSICAL DESCRIPTION | |
| Extent | 230 p. |
| 365 ## - TRADE PRICE | |
| Currency code | |
| Price amount | 33 |
| Withdrawn status | Lost status | Damaged status | Not for loan | Home library | Current library | Shelving location | Date acquired | Total Checkouts | Full call number | Barcode | Date last seen | Date last checked out | Copy number | Price effective from | Koha item type |
|---|---|---|---|---|---|---|---|---|---|---|---|---|---|---|---|
| IMTN | IMTN | Rack 25-A | 01/07/2022 | 2 | 658.152 ASP | 32691 | 08/02/2025 | 07/26/2025 | 78.2 | 06/24/2024 | Books |